[Event "Staufer op-B 28th"]
[Site "Schwaebisch Gmuend"]
[Date "2016.01.05"]
[Round "8"]
[White "Starcevic, Bozo"]
[Black "Maurer, Noah"]
[Result "1-0"]
[WhiteElo "1757"]
[BlackElo "1729"]
[PlyCount "41"]
[EventDate "2016.01.02"]
[EventType "swiss"]
[EventRounds "9"]
[EventCountry "GER"]
[SourceTitle "CBM 170 Extra"]
[Source "ChessBase"]
[SourceDate "2016.02.25"]
[SourceVersion "1"]
[SourceVersionDate "2016.02.25"]
[SourceQuality "1"]

1. d4 Nf6 2. c4 c5 3. e3 g6 4. Nc3 Bg7 5. Nf3 b6 6. Be2 0-0 7. d5 d6 8. 0-0 e5 9. dxe6 fxe6 10. Ng5 Nc6 11. Bf3 d5 12. Nxe6 Bxe6 13. cxd5 Ne5 14. dxe6 Nxf3+ 15. Qxf3 Qe8 16. Nd5 Nxd5 17. Qxd5 Qe7 18. Qd7 Qf6 19. e7 Rfe8 20. a4 Rxe7 21. Qd5+ 1-0